000 00909nam a2200217Ii 4500
003 JO-AjNU
005 20240114095707.0
008 230605s9999||||xx |||||||||||||| ||und||
040 _aJO-AjNU
_bara
_erda
_cJO-AjNU
041 _aara
050 1 4 _aQA76 2015
100 3 _aاعداد فيصل الدعجة، تقي علاونة، محمد جميل منيب ابو شريعة؛ اشراف محمد بني يونس,
_eauthor
_958321
245 0 0 _aCepalsy gams اللغة العربية
264 3 1 _aعجلون: جامعة عجلون الوطنيه، 2015
300 _a43ص
_bمشروع تخرج جامعة عجلون الوطنيه ( عجلون ، الاردن) كلية تكنولوجيا المعلومات ، 2015
336 _atext
_btxt
_2rdacontent
337 _aunmediated
_bn
_2rdamedia
338 _avolume
_bnc
_2rdacarrier
650 4 _a نظام حوسبة - Cepalsy gams
_958322
942 _2lcc
_cBK
999 _c29752
_d29752